• 首页
  • 本馆介绍
  • 公告通知
  • 最新文献
  • 馆藏检索
  • 电子资源
  • 读者导购
  • 参考咨询
  • 我的图书馆
  • 登录
  • 详细信息显示
  • 放入我的书架
  • 预约/预借图书
  • 作者相关作品
  • 分类相关作品
  • 丛书相关作品
  • 出版社相关作品

书目信息

  • 表格格式
  • 工作单格式
  • 卡片格式
题名:
基层执法办案精解
    
 
作者: 孙百昌 著
分册:  
出版信息: 北京   中国工商出版社  2018
页数: 369页
开本: 21cm
丛书名: 孙百昌执法办案谈丛书
单 册:
中图分类: D922.110.4
科图分类:
主题词: 行政执法--研究--中国
电子资源:
ISBN: 978-7-5209-0012-6
000 01007oam2 2200253 450
001 012001007292
005 20131019102021.0
010    @a978-7-5209-0012-6@dCNY45.00
100    @a20190315d2018 em y0chiy50 ea
101 0  @achi
102    @aCN@b110000
105    @ay z 000yy
106    @ar
200 1  @a基层执法办案精解@9ji ceng zhi fa ban an jing jie@b专著@e2017年续@f孙百昌著
210    @a北京@c中国工商出版社@d2018
215    @a369页@d21cm
225 2  @a孙百昌执法办案谈丛书@v10
330    @a本书分执法主体类;办案程序类;法条适用类;案件定性类;企业登记类;无证无照类;电子证据类;信用监管和双随机抽查;产品、食品质量类;特种设备安全类;消费者权益保护类;广告类;商标类;不正当竞争类;诉讼、复议、证据等问题15篇。以解答具体问题为出发点,重在提供一种分析问题、解决问题的思路和方法。
461  0 @1001004711000
606 0  @a行政执法@x研究@y中国
690    @aD922.110.4@v5
701  0 @a孙百昌@9sun bai chang@4著
801  2 @aCN@b上海新华@c20191020
905    @b1176482-6@dD922.110.4@e2084@f5
    
    基层执法办案精解:2017年续/孙百昌著.-北京:中国工商出版社,2018
    369页;21cm.-(孙百昌执法办案谈丛书;10)
    
    
    ISBN 978-7-5209-0012-6:CNY45.00
    本书分执法主体类;办案程序类;法条适用类;案件定性类;企业登记类;无证无照类;电子证据类;信用监管和双随机抽查;产品、食品质量类;特种设备安全类;消费者权益保护类;广告类;商标类;不正当竞争类;诉讼、复议、证据等问题15篇。以解答具体问题为出发点,重在提供一种分析问题、解决问题的思路和方法。
●
相关链接 在E读中查询图书 在五车中查询图书 在当当中查询图书 在豆瓣中查询图书


正题名:基层执法办案精解     索取号:D922.110.4/2084         预约/预借

序号 登录号 条形码 馆藏地/架位号 状态 备注
1 1176482   211764820   第一样本阅览室/ [索取号:D922.110.4/2084] 在馆    
2 1176483   211764839   第一借阅区/ [索取号:D922.110.4/2084] 在馆    
3 1176484   211764848   第一借阅区/ [索取号:D922.110.4/2084] 在馆    
4 1176485   211764857   第一借阅区/ [索取号:D922.110.4/2084] 在馆    
5 1176486   211764866   第一借阅区/ [索取号:D922.110.4/2084] 在馆    
唐山师范学院图书馆 欢迎您!
大连网信软件有限公司© 版权所有